| 000 | 02094nam a2200337 4500 | ||
|---|---|---|---|
| 001 | 0000024600 | ||
| 003 | CO-CtgCURN | ||
| 005 | 20250828171341.0 | ||
| 008 | 160628s2008 000 0 eng d | ||
| 020 | _a9589400868 | ||
| 040 |
_aCO-CtgCURN _bspa _ccoctgcurn |
||
| 082 | 0 |
_a344.01 _bB412 |
|
| 100 | 1 | _aBedoya Díaz, Hugo Alexander. | |
| 245 | 1 | 3 |
_aLa oralidad en el proceso laboral : _bconforme con la Ley 1149 de 2007 / _cHugo Alexander Bedoya Díaz. |
| 260 |
_aBogotá : _bLeyer, _c2008. |
||
| 300 | _avii, 228 p. | ||
| 336 | _2rdacontent | ||
| 337 |
_2rdamedia _asin mediacion _bn |
||
| 338 |
_2rdacarrier _avolumen _bnc |
||
| 500 | _aIncluye indices. | ||
| 504 | _aIncluye bibliografía (p. 219-220) | ||
| 505 | 8 | _aLa oralidad en el proceso laboral -- Los principios en el derecho procesal laboral -- Los principios modificados -- Las audiencias -- Las excepciones -- Los incidentes -- El rol del juez en el procedimiento oral -- La audiencia obligatoria de conciliación, de decisión de excepciones previas, de saneamiento y fijación del litigio -- Señalamiento de audiencias -- Audiencia de trámite y juzgamiento -- Audiencia de trámite y juzgamiento en segunda instancia -- Los recursos ordinarios -- El recurso de reposición -- El recurso de apelación -- Recurso de apelación de las sentencias -- El recurso de queja -- El recurso de súplica -- El grado jurisdicciónal de la consulta -- Hacia un nuevo juez y un abogado litigante -- Hacia una nueva actitud del proceso laboral -- La comunicación de las ideas -- La comunicación en la primera audiencia -- Temores al presentar el discurso jurídico -- Resolución de problemas -- Argumentación judicial -- La argumentación en los apoderados | |
| 650 | 0 | _aProcedimiento laboral. | |
| 650 | 0 | _aOralidad (Proceso laboral) | |
| 650 | 0 | _aArgumentación jurídica. | |
| 650 | 0 | _aLey 1149 de 2007. | |
| 908 | _a160627 | ||
| 942 |
_cBK _h344.01 _iB412 _2ddc |
||
| 999 |
_c49858 _d49858 _x2 |
||